[Event "Cappelle op 12th"]
[Site "Cappelle la Grande"]
[Date "1996.??.??"]
[Round "?"]
[White "Arbakov, Valentin"]
[Black "Gurevich, Mikhail"]
[Result "0-1"]
[WhiteElo "2455"]
[BlackElo "2590"]
[Annotator "Gurevich,M"]
[PlyCount "80"]
[EventDate "1996.02.??"]
[EventType "swiss"]
[EventRounds "9"]
[EventCountry "FRA"]
[SourceTitle "CBM 051"]
[Source "ChessBase"]
[SourceDate "1996.04.01"]
[SourceVersion "1"]
[SourceVersionDate "1996.04.01"]
[SourceQuality "1"]

1. Nf3 d5 2. d4 Nf6 3. c4 c6 4. Nc3 e6 5. Bg5 h6 6. Bxf6 Qxf6 7. e3 Nd7 8. a3
g6 9. e4 dxe4 10. Nxe4 Qf4 11. Bd3 c5 $6 {TN} (11... Bg7 12. O-O O-O 13. Re1 c5
14. Nxc5 (14. dxc5 {-61/450}) 14... Nxc5 15. dxc5 Bxb2 16. Rb1 Bc3 17. Qc1 Qxc1
18. Rexc1 Bf6 $13 {Cvitan,O-Chernin,A Bern 1995}) 12. d5 $5 exd5 (12... Bg7 13.
g3 Qc7 14. dxe6 $14) (12... Nf6 $2 13. g3 $18) 13. Nc3 $1 Nf6 (13... d4 $2 14.
Qe2+ Kd8 (14... Be7 $4 15. Qxe7+ Kxe7 16. Nd5+ $18) 15. Nd5 Qd6 16. O-O {
(/\17.b4|^)}) 14. O-O $6 (14. cxd5 Bd6 15. Qe2+ Kf8 $132) (14. Qe2+ $1 Be7 15.
O-O $5 $36) 14... Bd6 $1 {[/\15...Kf8,16...Bg4<=>>>]} 15. h3 {[/\16.g3+-]} h5
16. cxd5 (16. g3 Qh6 17. Re1+ Kf8 18. cxd5 Bxh3 $132) (16. cxd5 {[#]}) 16...
Bg4 $1 $36 17. Re1+ Kf8 18. Re3 (18. hxg4 $2 hxg4 19. g3 (19. Nd2 $4 Rh1+ $1
20. Kxh1 Qh2#) 19... Qxf3 (19... Qh6 $5 20. Nh4 g5 $36)) 18... Bxf3 19. Qxf3
Qh2+ 20. Kf1 Kg7 (20... Qh1+ $2 21. Ke2 Qxa1 22. Qxf6 $18) 21. Rae1 Rhe8 $1 $15
{[/\22...Qh1+23.Ke2 Rxe3+]} 22. Rxe8 Rxe8 23. Rxe8 Nxe8 {[/\24...Be5,25...Nd6]}
24. Ke1 Be5 25. Nd1 (25. Kd2 Bxc3+ 26. bxc3 Nd6 $17) 25... Bd4 26. Kd2 Qe5 27.
b3 (27. Qe2 Bxb2 $17) 27... Nd6 $17 {[/\28...b5, 29...c4|^<<]} 28. a4 a6 29. a5
$5 Qg5+ $1 {[/\30...Bf6,Qg5-e5-a1]} 30. Kc2 Bf6 31. g3 Qe5 32. Qf4 $5 Qxd5 (
32... Qxf4 $5 33. gxf4 Bd4 $17) 33. Ne3 Qe6 34. g4 $5 hxg4 35. Nxg4 Bd4 36. h4
$5 $132 Qe1 $1 37. Qh6+ Kg8 38. Bxg6 $1 $138 Qc3+ (38... fxg6 39. Qxg6+ Kh8 40.
Qh6+ $10) 39. Kd1 Qxb3+ (39... Qf3+ 40. Kc2 Bg7 41. Bh7+ Kh8 42. Qxd6 $13) 40.
Ke2 $4 (40. Bc2 Qf3+ 41. Kc1 (41. Ke1 Bc3+ 42. Kf1 Qh3+ $19) 41... Qh1+ 42. Bd1
(42. Kd2 Nc4+ 43. Kd3 Qf1+ 44. Ke4 Qe2+ $19) 42... Ne4 $17 43. f3 Qg2 $19)
40... Qe6+ 0-1

[Event "Korinthos op 2nd"]
[Site "Korinthos"]
[Date "1998.07.25"]
[Round "6"]
[White "Hillarp Persson, Tiger"]
[Black "Gurevich, Mikhail"]
[Result "0-1"]
[WhiteElo "2410"]
[BlackElo "2635"]
[Annotator "Gurevich,M"]
[PlyCount "66"]
[EventDate "1998.07.20"]
[EventType "swiss"]
[EventRounds "9"]
[EventCountry "GRE"]
[SourceTitle "CBM 066"]
[Source "ChessBase"]
[SourceDate "1998.09.30"]
[SourceVersion "1"]
[SourceVersionDate "1998.09.30"]
[SourceQuality "1"]

1. d4 d5 2. c4 c6 3. Nf3 Nf6 4. Nc3 e6 5. Bg5 h6 6. Bxf6 Qxf6 7. e3 Nd7 8. Bd3
dxc4 9. Bxc4 g6 10. O-O Bg7 11. Rc1 O-O 12. e4 Rd8 $5 {TN} (12... e5) 13. e5
Qe7 14. Qe2 c5 15. d5 {[#]} Nxe5 $5 16. Nxe5 exd5 17. Nf3 $8 Qxe2 18. Bxe2 Be6
$13 19. Nb5 $5 (19. Rfd1 Rac8 20. Na4 b6 21. Ba6 (21. b4 cxb4 $15) 21... Rc7
22. b4 Bf8 23. Kf1 Bd6 24. bxc5 bxc5 25. Nc3 Bf4 $44) 19... Rdc8 (19... Rac8
20. Nxa7 Ra8 21. Nb5 b6 22. a3 $1 Bxb2 23. Rb1 $16) 20. b4 cxb4 (20... b6 21.
bxc5 bxc5 22. Rfd1 a6 23. Nc3 $16) 21. Nc7 Rab8 22. Bb5 {idea 23.Nxe6 fxe6 24.
Bd7} Kf8 $1 23. Ba4 $6 (23. Nxe6+ fxe6 24. Rxc8+ Rxc8 25. Bd7 Rc2 26. Bxe6 Rxa2
27. Bxd5 Rc2 $13) 23... Bf5 $1 24. Nxd5 b5 25. Bb3 a5 $13 26. Ne3 a4 27. Nxf5
$2 (27. Bd5 Bd3 28. Rfd1 Be2 29. Re1 Bd3 30. Red1 $11) (27. Nxf5 {[#]}) 27...
axb3 $1 28. Nxg7 (28. axb3 gxf5 29. Nh4 f4 30. Nf5 Rc3 $17) 28... Rxc1 29. Rxc1
bxa2 $19 30. Nd4 Kxg7 31. Kf1 (31. Ra1 Rd8 32. Nb3 Rd3 $19) 31... Rd8 32. Nb3
Rd3 33. Nc5 Rc3 0-1

[Event "Vlissingen HZ op 03rd"]
[Site "Vlissingen"]
[Date "1999.08.11"]
[Round "3"]
[White "Rausis, Igors"]
[Black "Gurevich, Mikhail"]
[Result "0-1"]
[WhiteElo "2496"]
[BlackElo "2643"]
[Annotator "Gurevich,M"]
[PlyCount "158"]
[EventDate "1999.08.09"]
[EventType "swiss"]
[EventRounds "7"]
[EventCountry "NED"]
[SourceTitle "EXT 2000"]
[Source "ChessBase"]
[SourceDate "1999.11.16"]
[SourceVersion "1"]
[SourceVersionDate "1999.11.16"]
[SourceQuality "1"]

1. d4 d5 2. c4 c6 3. Nf3 Nf6 4. Nc3 e6 5. Bg5 h6 6. Bxf6 Qxf6 7. e3 Nd7 8. Bd3
dxc4 9. Bxc4 g6 10. O-O Bg7 11. b4 O-O 12. a4 Qe7 13. Qb3 Rd8 $5 {TN} (13... a5
14. b5 Nb6 15. bxc6 Nxc4 16. Qxc4 bxc6 17. Rfc1 Ba6 18. Qxc6 Bb7 19. Qb5 Bxf3
20. gxf3 $14 {1/2-1/2 Pelletier,Y-Lukasiewicz,G/Cannes 1998/CBM 63 ext (66)})
14. a5 Nf6 $5 {[/\Bc8-d7-e8]} (14... e5 15. b5 e4 16. Nd2 Nf6 17. bxc6 bxc6 18.
Rfc1 $14) 15. Na4 (15. b5 Bd7 16. Ne5 cxb5 $132) (15. e4 $5) 15... Bd7 16. b5 (
16. Nc5 Be8 17. b5 b6 $132) 16... cxb5 17. Bxb5 Ne4 $5 18. Rfc1 Rac8 19. Bd3 (
19. Bxd7 Qxd7 20. Nc3 Nxc3 21. Rxc3 Rxc3 22. Qxc3 Rc8 23. Qb3 $11) 19... Nd6
20. Nc3 (20. Nc5 Bc6 $132) 20... Bc6 21. Be2 e5 $5 (21... Rc7 $5 {(/\22...Rdc8)
}) 22. Nxe5 Bxe5 23. dxe5 Qxe5 24. Bf1 Nf5 {[/\25...Nh4|^>>]} 25. Qb4 $5 g5 26.
Nb5 $5 {[#]} Nxe3 $5 27. Nxa7 $1 (27. fxe3 Qxe3+ 28. Kh1 Bxg2+ $1 $19) (27. Re1
Bxb5 28. Bxb5 Qc5 $17) 27... Nc2 $6 $138 (27... Nxf1 28. Rxf1 Qd5 29. Nxc6 $11)
28. Qg4 $6 (28. Rxc2 Qxa1 29. Nxc8 Rxc8 30. a6 $36) 28... Nxa1 29. Nxc8 Nb3 30.
Rd1 Rxd1 31. Qxd1 Nxa5 $15 32. Qd8+ Qe8 33. Qc7 (33. Ne7+ Kf8 34. Nxc6 Nxc6 35.
Qf6 Qe6 $15) 33... Qd7 34. Qb8 Kg7 35. Nb6 (35. Nd6 $5 Nb3 36. Bc4 $132 (36.
Bd3 Nd4)) (35. Qe5+ f6 36. Qxa5 Qxc8) 35... Qd4 36. Nc8 Qd8 37. h4 Nb3 (37...
gxh4 $5) 38. hxg5 hxg5 39. Qg3 Nd4 40. Nd6 Qf6 $17 41. Nc4 (41. Bc4 b5) 41...
b5 42. Nd2 b4 43. Qb8 Qf4 $1 44. Qxf4 (44. Qxb4 Ne2+) 44... gxf4 $19 45. Bc4
Ba4 46. f3 Bc2 (46... b3 47. Bd3 b2 $2 48. Nc4 $11) 47. Bd5 b3 48. Nc4 Ne2+ 49.
Kf2 Nc3 50. Bc6 Nd1+ 51. Ke2 b2 52. Nxb2 (52. Na3 Ne3 53. Be4 Nc4 $1 $19) 52...
Nxb2 53. Kd2 Bf5 54. Bb5 Kf6 55. Kc3 Nd1+ 56. Kd2 Nf2 57. Ke2 Nh1 58. Kf1 Ke5
59. Be8 Ng3+ 60. Kf2 Be6 61. Bb5 Kd4 62. Ba6 Kc3 63. Bb5 Bc4 64. Bd7 Kd2 65.
Be8 Ne2 66. Bd7 Bd5 67. Be8 f6 68. Bh5 Nc1 69. Be8 Nd3+ 70. Kf1 Ke3 71. Bb5 Bb3
72. Ba6 Bd1 73. Bb5 Be2+ 74. Kg1 Ne5 75. Be8 Bc4 76. Ba4 Ke2 77. Bc2 Nxf3+ $1
78. gxf3 Kxf3 79. Kh2 (79. Bf5 Kg3) 79... Ke3 0-1

[Event "BL2-West 9596"]
[Site "Germany"]
[Date "1996.??.??"]
[Round "?.1"]
[White "Van Wely, Loek"]
[Black "Gurevich, Mikhail"]
[Result "1/2-1/2"]
[WhiteElo "2570"]
[BlackElo "2590"]
[Annotator "Gurevich,M"]
[PlyCount "140"]
[EventDate "1995.10.??"]
[EventType "team-tourn"]
[EventRounds "9"]
[EventCountry "GER"]
[SourceTitle "CBM 051"]
[Source "ChessBase"]
[SourceDate "1996.04.01"]
[SourceVersion "1"]
[SourceVersionDate "1996.04.01"]
[SourceQuality "1"]
[WhiteTeam "Porz II"]
[BlackTeam "Godesberg"]
[WhiteTeamCountry "GER"]
[BlackTeamCountry "GER"]

1. d4 d5 2. c4 c6 3. Nf3 Nf6 4. Nc3 e6 5. Bg5 h6 6. Bxf6 Qxf6 7. e3 Nd7 8. a3
g6 9. cxd5 exd5 10. b4 Bd6 $5 (10... Bg7 11. b5 $14) 11. Bd3 $5 {TN} (11. b5
O-O 12. Be2 Qe7 13. Qb3 Nb6 14. O-O Be6 15. a4 {1/2-1/2 Quinteros,M-Hort,V
Dortmund 1986}) 11... Qe7 12. O-O Nf6 $5 13. b5 c5 $1 $132 14. dxc5 Bxc5 15.
Qb3 Be6 16. Nd4 O-O $5 (16... Bxd4 17. exd4 O-O 18. Rfe1 Qd6 19. Qb4 $14) 17.
Nxe6 Qxe6 18. Ne2 $6 (18. e4 $2 Qe5 $1 19. Nxd5 Ng4 20. g3 Nxf2 $19) (18. Rac1
$142 Rac8 (18... Qe5 19. Nxd5 $16) 19. Ne2 $10) 18... Rac8 19. Nf4 $6 (19. Rac1
$142) 19... Qe5 20. Be2 (20. Bxg6 fxg6 21. Nxg6 Qh5 22. Nxf8 Rxf8 $36) 20...
Bd6 {[/\21...g5]} 21. g3 Rc3 22. Qa4 {[#]} d4 $1 (22... Bc5 23. Nd3 Qe7 24.
Nxc5 Qxc5 25. Rfd1 $13) 23. Nd3 (23. Qxd4 Qxd4 24. exd4 Bxf4 25. gxf4 Nd5 26.
Rfc1 Nxf4 27. Bf1 Rfc8 $17) (23. exd4 Qe4 $40 (23... Qe7 $5)) 23... Qe4 $1 (
23... Rxd3 24. Bxd3 dxe3 25. fxe3 Qxe3+ 26. Kg2 $13 Qxd3 27. Rxf6 Be5 28. Rd1
$13) 24. Qxd4 (24. Qxa7 Rxd3 25. Bxd3 Qxd3 26. Rad1 (26. Qxd4 Qxd4 27. exd4 Ra8
28. a4 Bb4 $15) 26... Qxb5 27. Qxd4 (27. Rb1 Qh5 $1 28. Qxd4 Ng4 29. h4 Bxa3
30. Rxb7 Ne5 $36) 27... Be5 $15) 24... Qxd4 25. exd4 Re8 26. Rfc1 (26. Ne5 Bxe5
27. dxe5 Rxe5 $15) 26... Rxc1+ 27. Nxc1 Re4 $1 $15 28. a4 (28. Bf3 Rxd4 $15 29.
Bxb7 $2 Rd1+ 30. Kg2 Be5 31. Rb1 Bc3 $19 {(/\32...Bd2)}) 28... Rxd4 (28... b6
$5 $15 {(/\29...Rxd4)}) 29. Nb3 Rb4 30. Na5 b6 31. Nc6 Rb2 $15 {[><f2]} 32. Bc4
$5 {[/\33.Ra2]} Rc2 $5 (32... Bc5 33. Ra2 $1 Bxf2+ 34. Kf1 $10) 33. Bb3 Rb2 34.
Bc4 Rc2 35. Bb3 Rc3 $5 36. Bd1 Bc5 37. Kg2 (37. Nxa7 Ne4 $15) 37... Rd3 $1 {
[/\38...Rd2]} 38. Bf3 (38. Be2 Rd2 39. Kf1 Ne4 40. Nxa7 Nc3 $5 $15) 38... Rd2
39. Rf1 Ra2 40. Nxa7 Rxa4 41. Nc6 Ra2 $15 42. Ne5 {[/\43.Ng4]} Kg7 43. Bc6 (43.
Nd3 Bd4 44. Rb1 Rd2 45. Rb3 Nd7 $17 {[/\46...Nc5]}) 43... Rd2 44. Nf3 Re2 45.
Ng1 Rb2 $17 {[/\46...Ng4]} 46. h3 $8 Ng8 $5 {[/\Ng8-e7-c6;Ng8-e7-f5-e3]} 47.
Nf3 Ne7 48. Ne5 Nf5 $2 (48... Rd2 $17) 49. Nd3 $1 Rd2 (49... Rc2 50. Rc1 $10)
50. Nxc5 Ne3+ 51. Kf3 $1 (51. Kg1 Nxf1 52. Na4 Rd1 $17) 51... Nxf1 52. Nd7 $13
Rb2 53. Nxb6 Nd2+ 54. Ke3 Nb3 55. Nc4 $1 {[><a5]} Rb1 56. b6 Kf6 57. Kd3 $1 $10
(57. b7 Re1+ 58. Kd3 (58. Kf3 Nd4+) 58... Nc5+ 59. Kc2 Na6 $15 {(/\Kf6-c7)})
57... Nc5+ 58. Kd4 Na6 59. Bf3 Ke6 60. h4 Rf1 61. Bd5+ Ke7 62. Ke3 Rd1 63. Bf3
Rc1 64. Ne5 Ke6 65. Nd3 Ra1 $1 $10 (65... Rb1 $6 66. Bb7 Ra1 $2 67. Bxa6 Rxa6
68. Nc5+) 66. Bc6 Kd6 67. Be8 Rb1 68. Bxf7 g5 69. hxg5 hxg5 70. f4 gxf4+
1/2-1/2

[Event "BL2-West 9596"]
[Site "Germany"]
[Date "1996.??.??"]
[Round "?.1"]
[White "Schoen, Wolfram"]
[Black "Gurevich, Mikhail"]
[Result "0-1"]
[WhiteElo "2400"]
[BlackElo "2590"]
[Annotator "Gurevich,M"]
[PlyCount "134"]
[EventDate "1995.10.??"]
[EventType "team-tourn"]
[EventRounds "9"]
[EventCountry "GER"]
[SourceTitle "CBM 049"]
[Source "ChessBase"]
[SourceDate "1995.12.01"]
[SourceVersion "1"]
[SourceVersionDate "1995.12.01"]
[SourceQuality "1"]
[WhiteTeam "Koeln KKS"]
[BlackTeam "Godesberg"]
[WhiteTeamCountry "GER"]
[BlackTeamCountry "GER"]

1. d4 d5 2. c4 c6 3. Nf3 Nf6 4. Nc3 e6 5. Bg5 h6 6. Bxf6 Qxf6 7. Qb3 dxc4 (7...
Nd7 8. g3 dxc4 9. Qxc4 e5 10. O-O-O Be7 11. Ne4 Qf5 12. Qc2 O-O 13. Kb1 exd4
14. Nxd4 Qa5 15. Bh3 Nf6 16. Bxc8 Raxc8 17. Nxf6+ Bxf6 $10 {Korchnoi,V-Dreev,A
Yalta 1995}) 8. Qxc4 Nd7 9. e3 {TN} (9. Rd1 Qe7 10. g3 g6 11. Bg2 Bg7 12. O-O
O-O 13. Qb3 Rd8 14. e3 Nb6 15. Ne5 Bd7 16. Nxd7 {1/2 1/2 Volzhin,A-Serper,G
Novgorod op 1995}) 9... Qe7 10. Qb3 (10. Be2 Qb4 $5 $13) 10... g6 11. Be2 Bg7
12. O-O O-O 13. Rfd1 b6 14. Qa4 $5 (14. Rac1 Bb7 {^^}) 14... Bb7 (14... b5 15.
Qa5 Bb7 16. Rac1 $14 {(/\Nc3-e4-c5)}) 15. Ba6 Nf6 16. Bxb7 (16. Ne5 Rac8 17.
Rac1 Rfd8 18. Ne2 Bxa6 $5 (18... c5 19. Bxb7 Qxb7 20. dxc5 Rxd1+ 21. Qxd1 Rxc5
22. Rxc5 bxc5 23. b3 Nd5 24. Nc4 $14) 19. Qxa6 c5 {(/\20...Nd5<=>)} 20. dxc5
Rxd1+ 21. Rxd1 Rxc5 $10) 16... Qxb7 17. Rac1 Rfd8 $5 (17... Rac8 18. e4 $5 Rfd8
(18... c5 19. d5 exd5 20. exd5 $14) 19. e5 Nd5 20. Ne4 $14) 18. b4 (18. e4 $6
c5 19. dxc5 bxc5 $132) 18... Rac8 19. Qb3 Qe7 20. h3 Bf8 $5 21. b5 (21. a3 c5
22. dxc5 Rxd1+ 23. Rxd1 bxc5 $15 24. b5 c4 $17) 21... cxb5 (21... c5 22. Ne5
$13 {(/\23.Nc6)}) 22. Nxb5 a6 23. Nc3 b5 24. Ne5 $1 (24. a4 $2 Qa3 $17) 24...
Rc7 $5 (24... Qa3 25. Ne2 {(/\26.Nc6<=>)} Qxb3 26. axb3 $13) 25. Ne2 Rdc8 26.
Rxc7 Qxc7 $2 $138 (26... Rxc7 27. Rc1 Rxc1+ 28. Nxc1 Qc7 $15) 27. Rc1 (27. Nxg6
$1 Qc2 (27... fxg6 28. Qxe6+ Kg7 29. Rc1 Qxc1+ 30. Nxc1 Rxc1+ 31. Kh2 $16) 28.
Ngf4 $14) 27... Qb7 28. Rxc8 Qxc8 $15 29. Qc3 Qb7 30. Qc2 $6 $138 (30. Qc6 Qxc6
31. Nxc6 Bd6 $15) 30... Bd6 31. Nd3 Kg7 32. Nc3 Qc6 33. Qb2 Qc4 34. Nc1 b4 $17
35. N3e2 a5 36. Qb3 Qc6 37. Nd3 a4 38. Qb1 (38. Nxb4 axb3 39. Nxc6 bxa2 $19)
38... Qc4 39. Nef4 b3 40. axb3 axb3 41. Ne2 {(/\42.Nec1)} (41. Nc1 Bxf4 42.
exf4 Qxd4 43. Nxb3 Qxf4 $17) (41. Ne2 {[#]}) 41... b2 $1 {(/\42...Ba4,43...
Qb3-+)} (41... Ne4 42. Nec1 Nd2 43. Qb2 Qc2 44. Qxc2 bxc2 45. f3 Ba3 46. Kf2
$13) (41... Ba3 42. Nec1 Bxc1 43. Nxc1 Qc2 44. Qxc2 bxc2 45. Kf1 $13) 42. Nef4
$8 Bxf4 43. Nxb2 (43. exf4 Ne4 $1 44. Nxb2 Qe2 $40) 43... Qe2 $1 44. exf4 Ne4
45. Kh2 $1 (45. Nd3 Nd2 46. Qb5 (46. Qc2 Nf3+) 46... Qd1+ 47. Kh2 Nf1+ 48. Kg1
Ng3+ 49. Kh2 Ne2 50. h4 Qg1+ 51. Kh3 Qh1+ 52. Kg4 Qxg2#) (45. Nd1 Qe1+ 46. Kh2
Nd2 47. Qc2 Nf1+ 48. Kg1 Ng3+ 49. Kh2 Ne2 $19) 45... Nxf2 $17 {[פb2]} 46. Qc1
h5 $1 {(/\47...h4,Nf2-e4-g3->)} 47. d5 $5 (47. Nc4 Nd3 48. Qe3 (48. Qc3 Nxf4
49. d5+ Kh7 $19) 48... Qxe3 49. Nxe3 Nxf4 $17) (47. Qc3 Ne4 48. Qd3 Qe1 $1 49.
Nc4 Nc3 $1 {(/\50...Ne2,50...Nd5)} (49... h4 50. Qe3 $10) 50. Nd2 Ne2 51. Qe3
h4 $17 {(/\52...Qg3+ 53.Qxg3 hg+)}) 47... exd5 48. Qc3+ Kg8 49. Qc8+ Kh7 50.
Qc7 $5 (50. Qb7 Kg7 $19) 50... Qxb2 (50... Qe6 51. Kg1 Ne4 52. Nd3 $15) 51.
Qxf7+ Qg7 52. Qxd5 Qe7 $1 {(/\53...Ne4)} (52... Qc7 53. Qd4 $1 Qc2 54. Qd7+ Kh6
55. Qd4 $1 $10) 53. f5 $5 Ne4 (53... g5 $2 54. Qf3 $10) (53... Qc7+ 54. g3 $13)
54. fxg6+ Kh6 $5 (54... Kxg6 $17) 55. g3 $2 $138 (55. g7 $5 Qc7+ 56. Kg1 Qc1+
57. Kh2 Qf4+ 58. Kg1 Qf2+ 59. Kh2 Qg3+ 60. Kg1 Nf6 $17) 55... Qb4 $1 $19 56.
Qa2 $8 Qe1 57. Qg2 Qe3 58. g7 Kxg7 59. Qb2+ Kg6 60. Qg2 Kg5 61. h4+ Kf5 62. Kh3
Kg6 $1 {Zugzwang} 63. Qh2 (63. Kh2 Qf2 $19) 63... Nf2+ 64. Kg2 Ng4 65. Qh3 Qe2+
66. Kg1 Qe1+ 67. Kg2 Kf5 0-1

[Event "Cappelle op 16th"]
[Site "Cappelle la Grande"]
[Date "2000.02.22"]
[Round "5"]
[White "Vasilevich, Tatjana"]
[Black "Gurevich, Mikhail"]
[Result "0-1"]
[WhiteElo "2409"]
[BlackElo "2694"]
[Annotator "Gurevich,M"]
[PlyCount "56"]
[EventDate "2000.02.19"]
[EventType "swiss"]
[EventRounds "9"]
[EventCountry "FRA"]
[SourceTitle "CBM 074 Extra"]
[Source "ChessBase"]
[SourceDate "2000.03.10"]
[SourceVersion "2"]
[SourceVersionDate "2000.03.10"]
[SourceQuality "1"]

1. d4 d5 2. c4 c6 3. Nf3 Nf6 4. Nc3 e6 5. Bg5 h6 6. Bxf6 Qxf6 7. e3 Nd7 8. Bd3
dxc4 9. Bxc4 g6 10. O-O Bg7 11. b4 O-O 12. Rc1 Qe7 13. Qb3 b6 14. Rfd1 Bb7 15.
e4 Rfd8 16. a4 $5 {TN} (16. d5 exd5 17. exd5 c5 18. Re1 Qf8 19. Nb5 cxb4 20. d6
Nc5 21. Qxb4 Rd7 $13 {0-1 Komljenovic,D-Fridman,D/Cappelle la Grande 1998/CBM
63 ext (58)}) 16... Rac8 {[/\ 17...Ba8,18...c5 <=>]} (16... Rab8 17. b5 $5) 17.
Rd2 Ba8 $5 18. Rcd1 (18. Ba6 Rb8 19. b5 c5 20. d5 Ne5 $132) 18... c5 $1 19.
dxc5 $6 (19. bxc5 $5 bxc5 20. d5 Rb8 21. Nb5 $1 (21. Qc2 Nb6 $132) 21... exd5
22. Bxd5 a6 23. Bxa8 (23. Bxf7+ Qxf7 24. Qxf7+ Kxf7 25. Rxd7+ Rxd7 26. Rxd7+
Kf8 27. Na3 Bxe4 $17) 23... axb5 24. Bc6 bxa4 25. Qxa4 Ne5 $11) 19... bxc5 20.
Nb5 {[/\21.Nd6]} (20. b5 Bxc3 21. Qxc3 Bxe4 $15) 20... Ne5 $1 (20... cxb4 21.
Nd6 $36 Rb8 $2 22. Nxf7 $1 Kxf7 23. Rxd7 Rxd7 24. Bxe6+ Qxe6 25. Rxd7+ $18) 21.
Nd6 $2 (21. Rxd8+ Rxd8 22. Rxd8+ Qxd8 23. Nxe5 Bxe5 24. bxc5 Qh4 $15) (21. Nxa7
Rxd2 22. Nxc8 Rxd1+ 23. Qxd1 Qc7 $17) 21... Rb8 $17 22. b5 (22. Nxe5 Bxe5 23.
Nxf7 Kxf7 24. Bxe6+ Kf6 $1 $19) 22... Nxf3+ 23. Qxf3 Bd4 $1 $19 24. Nxf7 Qxf7
25. Qg4 Re8 26. Rd3 h5 27. Qe2 Kg7 28. Rf3 Qe7 0-1

[Event "FIDE World Cup-B"]
[Site "Shenyang"]
[Date "2000.08.02"]
[Round "2"]
[White "Xu, Jun"]
[Black "Gurevich, Mikhail"]
[Result "1-0"]
[WhiteElo "2668"]
[BlackElo "2667"]
[Annotator "Gurevich,M"]
[PlyCount "62"]
[EventDate "2000.09.01"]
[EventType "tourn"]
[EventRounds "5"]
[EventCountry "CHN"]
[EventCategory "17"]
[SourceTitle "CBM 079"]
[Source "ChessBase"]
[SourceDate "2000.11.21"]
[SourceVersion "1"]
[SourceVersionDate "2000.11.21"]
[SourceQuality "1"]

1. Nf3 {Lutz} d5 2. d4 Nf6 3. c4 c6 4. Nc3 e6 5. Bg5 h6 6. Bh4 dxc4 7. e4 g5 8.
Bg3 b5 9. Be2 Bb7 10. h4 g4 11. Ne5 Rg8 {Lutz: 'Die Idee von Vallejo Pons.'}
12. O-O (12. h5 $6 {Lutz} Nbd7 13. Nxd7 Nxd7 14. Bxg4 Qb6 15. O-O Rd8 16. e5
Nf6 $1 $17 {0-1 Timman,J-Vallejo Pons,F/Pamplona 1999/CBM 75/[Lutz] (28)})
12... Nbd7 13. Nxg4 b4 $5 {'N' Lutz.} (13... Nh5 {Lutz} 14. e5 Nxg3 15. fxg3
Qb6 16. a4 {1/2-1/2 Glek,I-Dreev,A/Essen 2000/CBM 77/[Lutz] (16)} a6 $13) 14.
Na4 (14. Nxf6+ Nxf6 15. e5 bxc3 16. exf6 cxb2 17. Rb1 $13) 14... Nxe4 15. Bxc4
Qa5 (15... Nxg3 16. fxg3 Qa5 17. Rxf7 $1 Kxf7 18. Qf3+ Kg7 (18... Ke7 19. Bxe6
$40) 19. Bxe6 Kh8 20. Bxd7 Qxa4 21. Ne5 $16) 16. b3 {'!?' Lutz.} Nxg3 $6 (16...
O-O-O $5 17. Qe2 Nxg3 18. fxg3 Qh5 $1 19. Ne5 Qxe2 20. Bxe2 Nxe5 21. dxe5 Rd2
$15) 17. fxg3 {Lutz: 'Die weiße Bauernstellung ist schlechter als die von
Schwarz, aber er hat Druck entlang der f-Linie und Schwarz hat auch Schwächen
auf der c-Linie.'} Rg6 $6 {[/\18...f5, 19.0-0-0] Lutz: 'Dieser und der nächste
Zug gefallen mir nicht. Schwarz sollte seine Dame zum Königsflügel bringen:'} (
17... Qh5 18. Be2 (18. Rf4 {Lutz} Qg6 (18... Bd6 19. Nf6+ Nxf6 20. Rxf6 Qxd1+
21. Rxd1 $13) 19. Nc5 (19. Bd3 Qg7) 19... Bxc5 20. dxc5 O-O-O {mit schwarzem
Vorteil.}) 18... Qg6 $132 (18... Qg6 19. Nc5 Bxc5 20. dxc5 O-O-O)) (17... h5 $6
{Lutz} 18. Ne5 Nxe5 19. Qxh5) 18. Qe2 $1 Bg7 {'?' Lutz.} (18... Qh5 19. Rxf7 $1
(19. Rf4 {Lutz} Bd6 20. Bd3 Rg8 21. Nc5 O-O-O $1) 19... Qxg4 (19... Kxf7 20.
Ne5+ $18) 20. Qxg4 Rxg4 21. Bxe6 Rxd4 22. Raf1 Be7 23. Rh7 $36) 19. Rad1 h5 (
19... Qh5 20. Rxf7 (20. Rf4 {Lutz}) 20... Qxg4 21. Qxg4 Rxg4 22. Bxe6 Bc8 $13)
20. Ne3 {'->' Lutz. Lutz: 'Jetzt hat Weiß eine schöne Angriffsstellung
errichtet.'} Qc7 (20... O-O-O 21. Rxf7 Rf8 22. Rxd7 Kxd7 23. Nc5+ $16) 21. Nc5
$1 $40 Nxc5 22. dxc5 {Lutz: 'Der Bb7 spielt nicht mehr mit.'} Rd8 (22... Qxg3
23. Nf5 $18) (22... Qe7 23. Qxh5 Rxg3 24. Bxe6 $1 Qxe6 25. Nf5 $18) 23. Nf5 Bf8
24. Qe3 $5 Rd5 $2 $138 (24... Rd7 {(/\25...Kd8)} 25. Nd6+ (25. g4 $5 {Lutz}
hxg4 (25... Rxg4 26. Bxe6) 26. h5 $40) 25... Bxd6 26. cxd6 Rxd6 $13 27. Qxa7
Rxd1 28. Rxd1 Qxg3 29. Bf1 Qc7 30. Ba6 Qg3 $11) 25. Bxd5 cxd5 26. Nd6+ Bxd6 27.
cxd6 Qxd6 28. Kh2 $18 {'+/-' Lutz. Lutz: 'Schwarz hat keine genügende
Kompensation, da sein König unsicher steht.'} Kf8 29. Rf4 e5 30. Rf5 f6 31.
Qxa7 Qe7 $138 (31... Qe7 {Lutz} 32. Rc1 {nebst Qb8+ und Rc7 ist tödlich.}) 1-0